Cervantes y los casticismos españoles

Salvato in:
Dettagli Bibliografici
Autore principale: Castro, Américo (Autore)
Natura: Libro
Lingua:spagnolo
Pubblicazione: Madrid Alianza 1974
Serie:<El >Libro de Bolsillo. Sección Literatura
Soggetti:
Tags: Aggiungi Tag
Nessun Tag, puoi essere il primo ad aggiungerne!!

MARC

LEADER 00000nam a2200000 a 4500
001 UCT6795
003 CL-VaPUC
008 970113e19740000SP |||||||||||||||||spa|d
082 0 4 |a 864  |b CAS  |2 21 
100 0 |a Castro, Américo  |e author  |9 377033 
245 1 0 |a Cervantes y los casticismos españoles 
300 |a 301 p 
942 |c BK 
945 |d 19970113 00:00:00  |a nastorga 
260 |a Madrid  |b Alianza  |c 1974 
600 0 |a Cervantes y Saavedra, Miguel de  |9 267947 
600 0 7 |a DON QUIJOTE DE LA MANCHA  |2 CL-VaPUC  |9 377014 
650 0 |a Ensayos españoles  |9 313128 
583 |a last modification  |c 19970113 00:00:00  |k Rodrigo Vera 
490 0 |a <El >Libro de Bolsillo. Sección Literatura 
999 |c 255468  |d 255466 
952 |0 0  |1 0  |4 0  |6 864_000000000000000_CAS_1974  |7 0  |8 A  |9 277704  |a BIBEDU  |b BIBEDU  |d 2019-11-19  |i 3271684  |l 1  |o 864 CAS 1974  |p 3271684  |r 2024-11-18  |s 2024-11-11  |w 2019-11-19  |y BK  |k LIT 
952 |0 0  |1 0  |4 0  |6 864_000000000000000_CAS_1974  |7 0  |8 A  |9 277705  |a BIBHIS  |b BIBHIS  |d 2019-11-19  |i 1362291  |o 864 CAS 1974  |p 1362291  |r 2025-01-20  |w 2019-11-19  |y BK  |k HIS